000 004480000a22001690004500
003 MACL
005 20160108133535.0
008 160108b xxu||||| |||| 00| 0 eng d
040 _aMACL
_cMACL
041 _aEnglish
082 _a920/TAI
100 _aBayle, E Sparvel
_929680
245 _aLife and Letters Of H Taine 1870-1892
260 _bArchibald Constable & Co Ltd
_c1908
_aLondon
650 _aBiography
_929681
942 _cBK
_k920/TAI
_2ddc
999 _c38169
_d38169